'H' Presidents Quiz Stats

 Plays Quiz Updated Jun 14, 2018

Challenge
Share
Tweet
Embed
Score 0/5 Timer 01:00
1 Play Today
% Correct
Hoover
93.6%
B. Harrison
87%
W. H. Harrison
87%
Harding
67.9%
Hayes
59.2%

You're not logged in!

Compare scores with friends on all Sporcle quizzes.
Join for Free
OR
Log In

You Might Also Like...

Show Comments

Extras

Top Quizzes Today


Score Distribution

Your Account Isn't Verified!

In order to create a playlist on Sporcle, you need to verify the email address you used during registration. Go to your Sporcle Settings to finish the process.

Report this User

Report this user for behavior that violates our Community Guidelines.

Details: